Ariana Grande - Chansons commençant par N - Statistiques

Statistiques générales
  • Ce quiz a été pris 42 fois
    41 depuis la dernière actualisation
  • Le résultat moyen est 3 sur 5
Statistiques - réponses
N % Correct
needy
73%
No Tears Left To Cry
73%
NASA
58%
Nasty
45%
Not Just On Christmas
15%
Aucun quiz correspondant
Distribution des résultats
% des personnes avec chaque résultat
Percentile par nombre de réponses
Votre historique - résultats
Vous n’avez pas pris ce quiz depuis la dernière actualisation